Statistics for JR東海非定期行先クイズ

Click here to take the quiz!

General Stats

  • This quiz has been taken 78 times
  • The average score is 22 of 36

Answer Stats

HintAnswer% Correct
京都
87%
三河安城
87%
東田子の浦
84%
岐阜羽島
84%
東海道新幹線新富士
84%
東海道本線函南
84%
尾張一宮
79%
金山
79%
袋井
75%
用宗
72%
安城
72%
近江長岡
72%
共和
70%
新居町
70%
垂井
69%
舞阪
67%
高塚
64%
愛野
64%
駿河小山
62%
松田
62%
西小坂井
61%
身延線富士宮
59%
裾野
54%
太多線可児
54%
南甲府
52%
下曽我
51%
尾鷲
46%
高山本線鵜沼
43%
下部温泉
43%
市川大門
41%
内船
41%
参宮線二見浦
39%
中央線春日井
39%
御殿場線上大井
38%
紀勢本線
28%
飛騨萩原
23%

Score Distribution

Percentile by Number Answered

Percent of People with Each Score

Your Score History

You have not taken this quiz